Recuerdos de Sócrates
Bewaard in:
| Hoofdauteur: | |
|---|---|
| Andere auteurs: | |
| Formaat: | Boek |
| Taal: | Spaans |
| Gepubliceerd in: |
Madrid
Gredos
1993
|
| Editie: | 1a. ed |
| Reeks: | Biblioteca Clásica Gredos, 182
|
| Onderwerpen: | |
| Tags: |
Voeg label toe
Geen labels, Wees de eerste die dit record labelt!
|
MARC
| LEADER | 00000cam a2200000 a 4500 | ||
|---|---|---|---|
| 001 | UCD1701 | ||
| 003 | CL-VaPUC | ||
| 005 | 20220114074110.0 | ||
| 008 | 160324e19930000sp |||||||||||||||||spa|d | ||
| 999 | |c 362972 |d 362970 | ||
| 020 | |a 8424916190 | ||
| 040 | |c Pontificia Universidad Católica de Valparaíso | ||
| 082 | 0 | 4 | |a 183.2 |b JEN |2 21 |
| 100 | |a Jenofonte |e author |9 335230 | ||
| 245 | 1 | 0 | |a Recuerdos de Sócrates |
| 246 | 1 | 0 | |a Económico |
| 246 | 1 | 0 | |a Banquete |
| 246 | 1 | 0 | |a Apología de Sócrates |
| 250 | |a 1a. ed | ||
| 260 | |a Madrid |b Gredos |c 1993 | ||
| 300 | |a 386 p | ||
| 490 | 0 | |a Biblioteca Clásica Gredos, 182 | |
| 583 | |a last modification |c 20160324 12:59:00 |k Rodrigo Vera | ||
| 600 | 0 | |a Sócrates |9 266368 | |
| 650 | 0 | |a Filosofía griega |9 265579 | |
| 650 | 0 | |a Filosofía antigua |9 255705 | |
| 650 | 0 | |a Crítica e interpretación |9 255042 | |
| 700 | 1 | |a Zaragoza, Juan |e traductor |9 864418 | |
| 942 | |c BK |2 ddc | ||
| 945 | |d 20160324 12:59:00 |a arojas | ||
| 952 | |0 0 |1 0 |3 erd |4 0 |6 183_200000000000000_JEN_1993 |7 0 |8 R |9 474627 |a BIBEDU |b BIBEDU |c MCIRC |i 5267765 |l 2 |o 183.2 JEN 1993 |p 5267765 |r 2023-01-13 |s 2022-10-13 |w 2019-11-24 |y BK_R |z Catalogado en:20160324 |k FIL | ||